A szobafoglalás együttműködése más részlegekkel
| Main Author: | |
|---|---|
| Other Authors: | |
| Format: | Project work |
| Kulcsszavak: | együttműködés szállodai részlegek szállodaipar szobafoglalás turizmus |
| Online Access: | http://dolgozattar.uni-bge.hu/59796 |
MARC
| LEADER | 00000nnm a2200000 i 4500 | ||
|---|---|---|---|
| 001 | dolg59796 | ||
| 005 | 20260409145556.0 | ||
| 008 | 260409suuuu hu o 000 hun d | ||
| 040 | |a BGE Dolgozattár Repozitórium |b hun | ||
| 041 | |a hu | ||
| 100 | 1 | |a Molnár Dóra Boglárka | |
| 245 | 1 | 2 | |a A szobafoglalás együttműködése más részlegekkel |c Molnár Dóra Boglárka |h [elektronikus dokumentum] |
| 516 | |a Project_work | ||
| 520 | 3 | |a A projektmunkám témája: A szobafoglalás együttműködése más részlegekkel.Elsősorban azért erre a témára esett a választásom, mert a szakmai gyakorlatomat rezervációs gyakornokként töltöm, ezáltal van rálátásom a mindennapi feladataiba, pontos működésébe.Úgy gondolom, hogy nincs elég hangsúly ezen a részlegén a szállodának, pedig azt tapasztalom, hogy elég fontos mozgató rugó ebben az összetett szerkezetben. Véleményem szerint az is fontos, hogy a rezerváció folytonos kapcsolatot tartson fenn a különböző részlegekkel, hiszen a feladataik egymásra épülnek. Projektmunkában szeretnék rávilágítani, hogy bár a rezerváció nem áll közvetlen kapcsolatban a vendéggel, a szerepe elengedhetetlen kulcsfontosságú a szálloda gördülékeny működéséhez. | |
| 695 | |a együttműködés | ||
| 695 | |a szállodai részlegek | ||
| 695 | |a szállodaipar | ||
| 695 | |a szobafoglalás | ||
| 695 | |a turizmus | ||
| 700 | 1 | |a Schablik Dr. Vilmos |e ths | |
| 856 | 4 | 0 | |u http://dolgozattar.uni-bge.hu/59796/1/A%20szobafoglal%C3%A1s%20egy%C3%BCttm%C5%B1k%C3%B6d%C3%A9se%20m%C3%A1s%20r%C3%A9szlegekkel.pdf |z Dokumentum-elérés |
| 856 | 4 | 0 | |u http://dolgozattar.uni-bge.hu/59796/2/titkos%C3%ADt%C3%A1si%20k%C3%A9relem.pdf |z Dokumentum-elérés |
| 856 | 4 | 0 | |u http://dolgozattar.uni-bge.hu/59796/3/Moln%C3%A1rD%C3%B3raBogl%C3%A1rka_FOSZK_b%C3%ADr%C3%A1lat.pdf |z Dokumentum-elérés |